000 00964nam a2200217Ii 4500
003 JO-AjNU
008 230605s9999||||xx |||||||||||||| ||und||
017 _a20/2022
020 _a9960-853-04-7
040 _aJO-AjNU
_bara
_erda
_cJO-AjNU
041 _aara
050 1 4 _aJX1981.B65.N32 1999
100 3 _aأكاديمية نايف العربية للعلوم الأمنية - الرياض,
_eauthor
_956901
245 0 0 _aمهام حرس الحدود في الدول العربية: ندوة غقدت بالأكاديمية في الرياض في الفترة من 30/2 - 2/3/1420 هجري الموافق 14-16 /6 /1999
264 3 1 _aالرياض: أكاديمية نايف العربية للعلوم الأمنية، 1999
300 _a195ص
336 _atext
_btxt
_2rdacontent
337 _aunmediated
_bn
_2rdamedia
338 _avolume
_bnc
_2rdacarrier
650 4 _aالحدود السياسية - البلاد العربية - مؤتمرات
_956902
999 _aA25467
_c29035
_d29035